[Event "TUR-chT 1st League"]
[Site "Konya"]
[Date "2017.07.20"]
[Round "5.3"]
[White "Ozturk, Yavuz"]
[Black "Salepci, Osman Firat"]
[Result "0-1"]
[WhiteElo "1699"]
[BlackElo "2093"]
[PlyCount "100"]
[EventDate "2017.07.17"]
[EventType "team-swiss"]
[EventRounds "9"]
[EventCountry "TUR"]
[SourceTitle "CBM 179 Extra"]
[Source "ChessBase"]
[SourceDate "2017.08.23"]
[SourceVersion "1"]
[SourceVersionDate "2017.08.23"]
[SourceQuality "1"]
[WhiteTeam "Kahramanmaras CC"]
[BlackTeam "Izmir Rota Koleji"]
[WhiteTeamCountry "TUR"]
[BlackTeamCountry "TUR"]

1. e4 c5 2. Nf3 e6 3. d4 cxd4 4. Nxd4 Nf6 5. Bd3 Nc6 6. Be3 d6 7. Nc3 Be7 8. 0-0 Bd7 9. Nb3 Ne5 10. Be2 Bc6 11. f4 Ned7 12. Bf3 e5 13. f5 Nb6 14. Qe2 Qc7 15. Rfd1 0-0 16. Rac1 Rfd8 17. Na5 d5 18. exd5 Nbxd5 19. Nxc6 bxc6 20. Ne4 Nxe3 21. Qxe3 Nd5 22. Qf2 Rab8 23. c4 Nb4 24. Rxd8+ Rxd8 25. Rd1 Nd3 26. Qe2 Qb6+ 27. c5 Nxc5 28. Rxd8+ Bxd8 29. Nxc5 Qxc5+ 30. Kf1 Bb6 31. Ke1 Qc1+ 32. Qd1 Qxb2 33. Qb3 Qf2+ 34. Kd1 Qd4+ 35. Kc2 e4 36. Bh5 g6 37. fxg6 hxg6 38. Be2 Qf2 39. Qc4 Qxg2 40. h4 e3 41. h5 gxh5 42. Kb3 Qd5 43. Qxd5 cxd5 44. Bxh5 Kg7 45. Bf3 d4 46. Kc4 Kf6 47. a4 Ke5 48. Kd3 f5 49. Bh1 Kf4 50. Ke2 Kg3 0-1

[Event "TUR-chT2"]
[Site "Konya"]
[Date "2016.07.22"]
[Round "9.4"]
[White "Uzunoglu, Efe Kerem"]
[Black "Salepci, Osman Firat"]
[Result "1/2-1/2"]
[WhiteElo "2120"]
[BlackElo "2095"]
[PlyCount "39"]
[EventDate "2016.07.17"]
[EventType "team-swiss"]
[EventRounds "9"]
[EventCountry "TUR"]
[SourceTitle "CBM 173 Extra"]
[Source "ChessBase"]
[SourceDate "2016.08.29"]
[SourceVersion "1"]
[SourceVersionDate "2016.08.29"]
[SourceQuality "1"]
[WhiteTeam "Bursa Buyuksehir"]
[BlackTeam "Izmir Rota Koleji"]
[WhiteTeamCountry "TUR"]
[BlackTeamCountry "TUR"]

1. e4 c5 2. c3 d5 3. exd5 Qxd5 4. d4 Nf6 5. Nf3 Nc6 6. Be2 e6 7. 0-0 cxd4 8. cxd4 Be7 9. Nc3 Qd6 10. Bd3 0-0 11. Qe2 Nxd4 12. Nxd4 Qxd4 13. Rd1 Qh4 14. Ne4 Nxe4 15. Bxe4 Bc5 16. g3 Qe7 17. Bc2 e5 18. Rd5 Re8 19. Ba4 Be6 20. Rxe5 1/2-1/2

[Event "TUR-chT2"]
[Site "Konya"]
[Date "2016.07.21"]
[Round "8.4"]
[White "Salepci, Osman Firat"]
[Black "Demir, Bilal"]
[Result "1/2-1/2"]
[WhiteElo "2095"]
[BlackElo "2099"]
[PlyCount "133"]
[EventDate "2016.07.17"]
[EventType "team-swiss"]
[EventRounds "9"]
[EventCountry "TUR"]
[SourceTitle "CBM 173 Extra"]
[Source "ChessBase"]
[SourceDate "2016.08.29"]
[SourceVersion "1"]
[SourceVersionDate "2016.08.29"]
[SourceQuality "1"]
[WhiteTeam "Izmir Rota Koleji"]
[BlackTeam "Denizli Pamukkale Uni"]
[WhiteTeamCountry "TUR"]
[BlackTeamCountry "TUR"]

1. e4 d6 2. d4 Nf6 3. Nc3 e5 4. Nf3 exd4 5. Qxd4 a6 6. Bf4 Nc6 7. Qd2 Be7 8. 0-0-0 0-0 9. h3 Be6 10. Bd3 b5 11. Rhe1 Re8 12. Nd5 Nd7 13. Kb1 Nce5 14. Nd4 Bxd5 15. exd5 Bf6 16. Bf5 g6 17. Bxe5 Nxe5 18. Bd3 Qd7 19. Be2 Nc4 20. Bxc4 Rxe1 21. Rxe1 bxc4 22. c3 Re8 23. Rxe8+ Qxe8 24. Qe2 Qa4 25. Qc2 Qe8 26. Qe2 Qa4 27. b3 cxb3 28. axb3 Qa5 29. Qc4 Qb6 30. Kc2 Bxd4 31. Qxd4 Qa5 32. Kb2 Qb5 33. Qc4 Qb6 34. Qd4 Qb5 35. c4 Qb4 36. Qc3 Qc5 37. Qe3 Qb4 38. f4 a5 39. f5 gxf5 40. Qg5+ Kf8 41. Qd8+ Kg7 42. Qg5+ Kf8 43. Qxf5 a4 44. Qd3 axb3 45. Qc3 Qb6 46. Qxb3 Qd4+ 47. Ka3 Ke7 48. Qc2 c6 49. dxc6 Qc5+ 50. Kb3 Qxc6 51. Qe2+ Kf8 52. Qf3 Qc5 53. Qd5 Qb6+ 54. Ka4 Qa6+ 55. Kb4 Qb6+ 56. Qb5 Qd4 57. Qd5 Qb6+ 58. Kc3 Qe3+ 59. Qd3 Qe5+ 60. Qd4 Qe1+ 61. Kb3 Ke7 62. Ka4 Qb1 63. Qd5 Qb2 64. Qg5+ Ke6 65. Qd5+ Ke7 66. Qg5+ Ke6 67. Qd5+ 1/2-1/2

[Event "TUR-chT2"]
[Site "Konya"]
[Date "2014.06.29"]
[Round "9.4"]
[White "Onem, Cem"]
[Black "Salepci, Osman Firat"]
[Result "0-1"]
[WhiteElo "1944"]
[BlackElo "2094"]
[PlyCount "77"]
[EventDate "2014.06.23"]
[EventType "team-swiss"]
[EventRounds "9"]
[EventCountry "TUR"]
[SourceTitle "CBM 161 Extra"]
[Source "ChessBase"]
[SourceDate "2014.08.29"]
[SourceVersion "1"]
[SourceVersionDate "2014.08.29"]
[SourceQuality "1"]
[WhiteTeam "Burdur"]
[BlackTeam "Pausa"]
[WhiteTeamCountry "TUR"]
[BlackTeamCountry "TUR"]

1. e4 c5 2. Nf3 e6 3. d4 cxd4 4. Nxd4 a6 5. c4 Qc7 6. Nc3 Nf6 7. Be2 Be7 8. 0-0 d6 9. Be3 Nbd7 10. Rc1 b6 11. f3 Bb7 12. Qd2 0-0 13. Rfd1 Rac8 14. Bf1 Qb8 15. Qf2 Bd8 16. b3 Bc7 17. g3 Rfe8 18. Bh3 Rcd8 19. Nde2 Ba8 20. Nf4 Ne5 21. Bg2 h6 22. Nd3 Nxd3 23. Rxd3 d5 24. cxd5 exd5 25. exd5 b5 26. Ba7 Qb7 27. f4 b4 28. Na4 Bb8 29. Bb6 Rd7 30. Bd4 Qb5 31. Rd2 Bxd5 32. Rc5 Qb7 33. Bxf6 Bxg2 34. Rxd7 Qxd7 35. Kxg2 gxf6 36. Rc2 Ba7 37. Qf3 Re1 38. f5 Re5 39. Qa8+ 0-1

[Event "TUR-chT2"]
[Site "Konya"]
[Date "2014.06.24"]
[Round "3.4"]
[White "Salepci, Osman Firat"]
[Black "Ercan, Mehmet Fahri"]
[Result "1-0"]
[WhiteElo "2094"]
[BlackElo "2013"]
[PlyCount "89"]
[EventDate "2014.06.23"]
[EventType "team-swiss"]
[EventRounds "9"]
[EventCountry "TUR"]
[SourceTitle "CBM 161 Extra"]
[Source "ChessBase"]
[SourceDate "2014.08.29"]
[SourceVersion "1"]
[SourceVersionDate "2014.08.29"]
[SourceQuality "1"]
[WhiteTeam "Pausa"]
[BlackTeam "Ego Spor"]
[WhiteTeamCountry "TUR"]
[BlackTeamCountry "TUR"]

1. e4 c5 2. c3 d5 3. exd5 Qxd5 4. d4 e6 5. Nf3 Nc6 6. Be3 Nf6 7. c4 Qd8 8. Nc3 Ng4 9. d5 Nxe3 10. fxe3 Ne7 11. Bd3 Ng6 12. 0-0 Be7 13. Bxg6 hxg6 14. e4 g5 15. e5 g4 16. d6 gxf3 17. Qxf3 f5 18. dxe7 Qxe7 19. Nb5 0-0 20. Rad1 a6 21. Nd6 Qg5 22. Rd3 Rb8 23. Qf2 f4 24. Qxc5 Bd7 25. Ne4 Qf5 26. Rxd7 Qxe4 27. Qd4 Qg6 28. Kh1 Qg5 29. Qe4 Rf5 30. Rdd1 Rxe5 31. Qxf4 Qxf4 32. Rxf4 Re2 33. b3 e5 34. Rg4 Rf8 35. h3 Rf7 36. Rd8+ Kh7 37. Re8 b5 38. cxb5 axb5 39. Rg5 Rxa2 40. Rexe5 b4 41. Re4 Rf1+ 42. Kh2 Rb1 43. Rxb4 Rab2 44. Rg3 Kh6 45. Rh4# 1-0

[Event "Izmir op 12th"]
[Site "Izmir"]
[Date "2013.09.05"]
[Round "5"]
[White "Salepci, Osman Firat"]
[Black "Ivanov, Mikhail M"]
[Result "1/2-1/2"]
[WhiteElo "2103"]
[BlackElo "2398"]
[PlyCount "46"]
[EventDate "2013.09.01"]
[EventType "swiss"]
[EventRounds "9"]
[EventCountry "TUR"]
[SourceTitle "CBM 156 Extra"]
[Source "ChessBase"]
[SourceDate "2013.10.22"]
[SourceVersion "1"]
[SourceVersionDate "2013.10.22"]
[SourceQuality "1"]

1. e4 c5 2. c3 g6 3. d4 cxd4 4. cxd4 d5 5. e5 Bg7 6. Nc3 Nc6 7. Bb5 Nh6 8. h3 0-0 9. Nf3 f6 10. exf6 exf6 11. 0-0 Be6 12. Re1 Bf7 13. Bxc6 bxc6 14. Na4 Qd6 15. Bd2 g5 16. Nc5 a5 17. g4 f5 18. Ne5 fxg4 19. hxg4 Rfe8 20. Ncd3 Qf6 21. Rc1 Rac8 22. Bxa5 Be6 23. Re3 Nf7 1/2-1/2

[Event "Izmir"]
[Site "Izmir"]
[Date "2013.07.17"]
[Round "9"]
[White "Nevednichy, Vladislav"]
[Black "Salepci, Osman Firat"]
[Result "1-0"]
[WhiteElo "2603"]
[BlackElo "2132"]
[PlyCount "79"]
[EventDate "2013.07.13"]
[EventType "tourn"]
[EventRounds "9"]
[EventCountry "TUR"]
[EventCategory "5"]
[SourceTitle "EXT 2014"]
[Source "ChessBase"]
[SourceDate "2013.11.20"]
[SourceVersion "1"]
[SourceVersionDate "2013.11.20"]
[SourceQuality "1"]

1. e4 d5 2. exd5 Nf6 3. d4 Bg4 4. Bb5+ Nbd7 5. f3 Bf5 6. c4 e6 7. Nc3 a6 8. Ba4 exd5 9. c5 Be7 10. Nge2 0-0 11. 0-0 c6 12. Ng3 Bg6 13. Be3 Re8 14. Qd2 Nh5 15. Nge2 Qc8 16. b4 Bd8 17. g4 Nhf6 18. Bf4 h5 19. h3 hxg4 20. hxg4 Nf8 21. Rae1 Bc7 22. Bxc7 Qxc7 23. Nf4 Rxe1 24. Rxe1 Ne6 25. Re5 Nxf4 26. Qxf4 Re8 27. Nxd5 Qd8 28. Nxf6+ gxf6 29. Rxe8+ Qxe8 30. Kf2 a5 31. Qxf6 axb4 32. d5 Qf8 33. d6 Qh6 34. Qe5 Qh4+ 35. Kg2 Qd8 36. Bb3 Kh7 37. Kg3 f6 38. Qe6 Kg7 39. d7 b6 40. Qg8+ 1-0

[Event "TUR-chT"]
[Site "Konya"]
[Date "2012.07.19"]
[Round "10"]
[White "Metin, Mehmet"]
[Black "Salepci, Osman Firat"]
[Result "1-0"]
[WhiteElo "2189"]
[BlackElo "2115"]
[PlyCount "145"]
[EventDate "2012.07.11"]
[EventType "team-tourn"]
[EventRounds "13"]
[EventCountry "TUR"]
[SourceTitle "CBM 149 Extra"]
[Source "ChessBase"]
[SourceDate "2012.08.24"]
[SourceVersion "1"]
[SourceVersionDate "2012.08.24"]
[SourceQuality "1"]
[WhiteTeam "Denizli Er Bakir"]
[BlackTeam "Denizli Pamukkale Uni"]
[WhiteTeamCountry "TUR"]
[BlackTeamCountry "TUR"]

1. c4 Nf6 2. Nc3 g6 3. Nf3 Bg7 4. g3 0-0 5. Bg2 d6 6. 0-0 e5 7. d3 c6 8. Rb1 a5 9. a3 Bf5 10. Bg5 Nbd7 11. Qd2 a4 12. e4 Be6 13. Ne1 Nc5 14. Nc2 Nb3 15. Qd1 h6 16. Bxf6 Bxf6 17. f4 Bd7 18. Kh1 Bg7 19. f5 Qg5 20. Ne1 Qd2 21. f6 Bh8 22. Qf3 Nd4 23. Qf2 Qxf2 24. Rxf2 Rfe8 25. Nf3 Nxf3 26. Rxf3 Kh7 27. Rbf1 g5 28. R3f2 Bg4 29. h3 Bd7 30. Kh2 Kg6 31. Bf3 h5 32. Bd1 g4 33. Nxa4 Ra6 34. c5 Rxa4 35. Bxa4 dxc5 36. hxg4 Bxg4 37. Bd1 Bc8 38. Kg2 Rd8 39. Rh1 Bg4 40. Bxg4 hxg4 41. Rh4 Bxf6 42. Rxg4+ Bg5 43. Rxg5+ Kxg5 44. Rxf7 Rxd3 45. Rxb7 Re3 46. Rg7+ Kh5 47. Rc7 Re2+ 48. Kh3 Rxe4 49. Rxc6 c4 50. Rb6 Re1 51. Rb4 Rh1+ 52. Kg2 Rc1 53. a4 c3 54. bxc3 Rxc3 55. Kh3 Ra3 56. Re4 Kg6 57. Kg4 Kf6 58. Rb4 Ke6 59. Rb6+ Kd5 60. Ra6 e4 61. Ra8 e3 62. Re8 Rxa4+ 63. Kf5 Ra3 64. g4 Kd4 65. Kf4 Rb3 66. g5 Ra3 67. g6 Ra6 68. g7 Rf6+ 69. Kg5 Rf1 70. g8Q Rg1+ 71. Kf4 Rxg8 72. Rxg8 e2 73. Re8 1-0

[Event "TUR-chT"]
[Site "Konya"]
[Date "2012.07.16"]
[Round "6"]
[White "Salepci, Osman Firat"]
[Black "Yeke, Serkan"]
[Result "1/2-1/2"]
[WhiteElo "2115"]
[BlackElo "2274"]
[PlyCount "37"]
[EventDate "2012.07.11"]
[EventType "team-tourn"]
[EventRounds "13"]
[EventCountry "TUR"]
[SourceTitle "CBM 149 Extra"]
[Source "ChessBase"]
[SourceDate "2012.08.24"]
[SourceVersion "1"]
[SourceVersionDate "2012.08.24"]
[SourceQuality "1"]
[WhiteTeam "Denizli Pamukkale Uni"]
[BlackTeam "Ankara Gazi"]
[WhiteTeamCountry "TUR"]
[BlackTeamCountry "TUR"]

1. e4 e5 2. Nf3 Nc6 3. Bc4 Nf6 4. d4 exd4 5. e5 Ne4 6. Qe2 Nc5 7. c3 Ne6 8. 0-0 Bc5 9. Bxe6 dxe6 10. Rd1 0-0 11. Bg5 f6 12. exf6 gxf6 13. Be3 Qe7 14. cxd4 Bd6 15. Nc3 Nb4 16. Bh6 Re8 17. Ne4 b6 18. Ne5 Bb7 19. Ng3 1/2-1/2

[Event "TUR-chT"]
[Site "Konya"]
[Date "2011.07.07"]
[Round "11"]
[White "Yaramis, Hakan"]
[Black "Salepci, Osman Firat"]
[Result "1-0"]
[WhiteElo "2094"]
[BlackElo "2154"]
[PlyCount "93"]
[EventDate "2011.06.28"]
[EventType "team-swiss"]
[EventRounds "13"]
[EventCountry "TUR"]
[SourceTitle "CBM 143 Extra"]
[Source "ChessBase"]
[SourceDate "2011.08.29"]
[SourceVersion "1"]
[SourceVersionDate "2011.08.29"]
[SourceQuality "1"]
[WhiteTeam "Turk Hava Yollari"]
[BlackTeam "Celikkol Turizm Pamukkale"]
[WhiteTeamCountry "TUR"]
[BlackTeamCountry "TUR"]

1. e4 e5 2. Nf3 Nc6 3. Bb5 a6 4. Ba4 Nf6 5. 0-0 Be7 6. Re1 b5 7. Bb3 d6 8. c3 0-0 9. a4 Rb8 10. axb5 axb5 11. d4 exd4 12. Nxd4 Nxd4 13. cxd4 c5 14. Bf4 c4 15. Bc2 Bg4 16. f3 Bh5 17. b3 Bg6 18. bxc4 bxc4 19. Nc3 Nh5 20. Be3 Bg5 21. Nd5 Bxe3+ 22. Rxe3 Nf6 23. Nxf6+ gxf6 24. f4 Re8 25. Rg3 d5 26. f5 dxe4 27. fxg6 fxg6 28. Ra4 Qd5 29. Rc3 Rec8 30. Qd2 Rb7 31. Qe3 f5 32. Ra1 Rd8 33. Rd1 Ra8 34. Qe2 Rb4 35. Kf2 Kg7 36. g3 Ra2 37. Rd2 Ra1 38. Qe3 Ra2 39. Bd1 Ra1 40. Be2 Raa4 41. Qf4 Kf6 42. Qh4+ Kg7 43. Qe7+ Kg8 44. Ke3 h6 45. Bd1 f4+ 46. gxf4 Qf5 47. Qxe4 1-0

[Event "TUR-chT"]
[Site "Konya"]
[Date "2011.07.02"]
[Round "5"]
[White "Sirin, Atakan"]
[Black "Salepci, Osman Firat"]
[Result "1-0"]
[WhiteElo "2230"]
[BlackElo "2154"]
[PlyCount "111"]
[EventDate "2011.06.28"]
[EventType "team-swiss"]
[EventRounds "13"]
[EventCountry "TUR"]
[SourceTitle "CBM 143 Extra"]
[Source "ChessBase"]
[SourceDate "2011.08.29"]
[SourceVersion "1"]
[SourceVersionDate "2011.08.29"]
[SourceQuality "1"]
[WhiteTeam "Manisa Doruk Koleji"]
[BlackTeam "Celikkol Turizm Pamukkale"]
[WhiteTeamCountry "TUR"]
[BlackTeamCountry "TUR"]

1. d4 Nf6 2. Bg5 e6 3. Nc3 d5 4. e4 Be7 5. e5 Nfd7 6. Bxe7 Qxe7 7. f4 0-0 8. Nf3 c5 9. Qd2 Nc6 10. dxc5 Nxc5 11. Bd3 Bd7 12. 0-0 f5 13. exf6 Qxf6 14. g3 Nxd3 15. Qxd3 Be8 16. Rf2 Bg6 17. Qb5 Rf7 18. Re1 Bf5 19. Qc5 Rc7 20. Nb5 Qe7 21. Qe3 Rcc8 22. c3 h6 23. Nbd4 Nxd4 24. Qxd4 Rc4 25. Qxd5 Qc7 26. Qe5 Rd8 27. Qxc7 Rxc7 28. Nd4 Bg4 29. Kg2 Rd5 30. h3 Bf5 31. g4 Bg6 32. Rxe6 Bf7 33. Re3 Ra5 34. a3 Bd5+ 35. Kg3 Bc4 36. f5 Ra6 37. Re5 Rb6 38. h4 Kf7 39. g5 hxg5 40. hxg5 Re7 41. Rxe7+ Kxe7 42. Kf4 Kf7 43. Nf3 Bb5 44. Ne5+ Ke7 45. Ng6+ Kf7 46. Rh2 Ke8 47. Rh8+ Kd7 48. Ne5+ Kd6 49. Rd8+ Ke7 50. Rg8 Ba4 51. Rxg7+ Kf8 52. f6 Be8 53. Rh7 Kg8 54. Re7 Kf8 55. Kf5 Rb5 56. g6 1-0

[Event "TUR-chT"]
[Site "Konya"]
[Date "2011.06.29"]
[Round "2"]
[White "Erdogdu, Mert"]
[Black "Salepci, Osman Firat"]
[Result "1-0"]
[WhiteElo "2434"]
[BlackElo "2154"]
[PlyCount "137"]
[EventDate "2011.06.28"]
[EventType "team-swiss"]
[EventRounds "13"]
[EventCountry "TUR"]
[SourceTitle "CBM 143 Extra"]
[Source "ChessBase"]
[SourceDate "2011.08.29"]
[SourceVersion "1"]
[SourceVersionDate "2011.08.29"]
[SourceQuality "1"]
[WhiteTeam "Adana Truva"]
[BlackTeam "Celikkol Turizm Pamukkale"]
[WhiteTeamCountry "TUR"]
[BlackTeamCountry "TUR"]

1. e4 e5 2. Nf3 Nc6 3. Bc4 Nf6 4. d3 Be7 5. 0-0 0-0 6. Re1 d6 7. a4 Na5 8. Ba2 c5 9. Nc3 Nc6 10. Nd5 Nxd5 11. Bxd5 Be6 12. c3 Qd7 13. Qb3 Bf6 14. Ng5 Bxg5 15. Bxg5 Bxd5 16. exd5 Nd8 17. d4 f6 18. Bd2 Nf7 19. Qb5 Qxb5 20. axb5 cxd4 21. cxd4 Rfc8 22. dxe5 Nxe5 23. Rec1 Nd3 24. Rc3 Rxc3 25. bxc3 a5 26. bxa6 Rxa6 27. Rb1 Ra2 28. Be3 Rc2 29. Rxb7 Rxc3 30. Rb6 Ne5 31. h3 Rd3 32. Rxd6 Kf7 33. Bf4 Ng6 34. Be3 Rd1+ 35. Kh2 Ne7 36. Ra6 Rxd5 37. Ra7 Ke6 38. g4 h5 39. Kg3 hxg4 40. hxg4 g6 41. f3 Rd7 42. Ra8 Rd3 43. Bc5 Nc6 44. Ra6 Kd5 45. Bf8 f5 46. Bg7 fxg4 47. Kxg4 Rd1 48. Bf6 Ne5+ 49. Bxe5 Kxe5 50. f4+ Ke4 51. Re6+ Kd5 52. Rxg6 Rf1 53. Kf5 Rf2 54. Rg1 Kd6 55. Re1 Kd7 56. Kg5 Rg2+ 57. Kf6 Rf2 58. f5 Rf3 59. Kg6 Rf2 60. f6 Rf3 61. Kg7 Rg3+ 62. Kf8 Rg2 63. f7 Rg3 64. Rd1+ Kc7 65. Rd4 Rg1 66. Ke7 Re1+ 67. Kf6 Rf1+ 68. Ke6 Rf2 69. Rd5 1-0

[Event "Troya op"]
[Site "Canakkale"]
[Date "2010.08.13"]
[Round "7"]
[White "Salepci, Osman Firat"]
[Black "Javakhadze, Zurab"]
[Result "0-1"]
[WhiteElo "2130"]
[BlackElo "2354"]
[PlyCount "70"]
[EventDate "2010.08.07"]
[EventType "swiss"]
[EventRounds "9"]
[EventCountry "TUR"]
[SourceTitle "CBM 137 Extra"]
[Source "ChessBase"]
[SourceDate "2010.09.01"]
[SourceVersion "1"]
[SourceVersionDate "2010.09.01"]
[SourceQuality "1"]

1. e4 g6 2. d4 c6 3. Nf3 d5 4. Nc3 Bg7 5. exd5 cxd5 6. Bb5+ Nc6 7. Ne5 Bd7 8. Bxc6 bxc6 9. Nxd7 Qxd7 10. 0-0 Nf6 11. Na4 Ne4 12. f3 Nd6 13. Nc5 Qf5 14. Re1 0-0 15. g4 Qf6 16. c3 Rfe8 17. Nd7 Qh4 18. Bf4 h5 19. Bg3 Qh3 20. Ne5 Rac8 21. Nd3 hxg4 22. Nf2 Qh8 23. fxg4 e5 24. Nd3 Nc4 25. b3 exd4 26. bxc4 dxc4 27. Nb2 d3 28. Nxc4 Bxc3 29. Be5 Rxe5 30. Nxe5 Bxe5 31. Rxe5 Qxe5 32. Rb1 Qe3+ 33. Kf1 Re8 34. Rb3 Qf4+ 35. Kg1 d2 0-1

[Event "TUR-chT"]
[Site "Konya"]
[Date "2010.06.30"]
[Round "2"]
[White "Miroshnichenko, Evgenij"]
[Black "Salepci, Osman Firat"]
[Result "0-1"]
[WhiteElo "2684"]
[BlackElo "2130"]
[PlyCount "134"]
[EventDate "2010.06.29"]
[EventType "team-tourn"]
[EventRounds "13"]
[EventCountry "TUR"]
[SourceTitle "CBM 137 Extra"]
[Source "ChessBase"]
[SourceDate "2010.09.01"]
[SourceVersion "1"]
[SourceVersionDate "2010.09.01"]
[SourceQuality "1"]

1. d4 Nf6 2. Bg5 c5 3. Bxf6 gxf6 4. d5 Qb6 5. Qc1 Na6 6. c4 Bh6 7. e3 d6 8. Nc3 Bf5 9. Qd2 Rg8 10. Rc1 0-0-0 11. Nge2 Bd7 12. g3 Bf5 13. Bg2 Nb4 14. 0-0 Nd3 15. Rb1 Ne5 16. Ne4 Nxc4 17. Qd3 Qa6 18. Rfc1 Nxe3 19. Qxa6 bxa6 20. fxe3 Bxe3+ 21. Kf1 Bxc1 22. Rxc1 Kd7 23. b3 Rb8 24. Kf2 Rb4 25. Ke3 Bxe4 26. Bxe4 e6 27. Bxh7 Rh8 28. Bd3 Rxh2 29. Bc4 f5 30. Kf3 e5 31. Rf1 Ke7 32. Ke3 Kf6 33. Bd3 Rh5 34. Bxa6 Kg5 35. Bd3 e4 36. Bc4 Rb8 37. Nf4 Rh2 38. Be2 Rg8 39. a4 Kf6 40. Rg1 Rb8 41. Bc4 Rg8 42. a5 Ke5 43. a6 Rb2 44. Ne2 Rh8 45. Rf1 Rg8 46. Kf2 Rh8 47. Kg2 Rh6 48. Rf2 Rh8 49. Nc3 Rh2+ 50. Kxh2 Rxf2+ 51. Kg1 Rc2 52. Nb5 e3 53. Nxa7 Ke4 54. Nb5 Kf3 55. a7 Rxc4 56. a8Q Rc1+ 57. Kh2 e2 58. Qe8 e1Q 59. Qxe1 Rxe1 60. Nxd6 Re2+ 61. Kh3 Re5 62. Nxf7 Rxd5 63. Ng5+ Ke3 64. Ne6 Kf3 65. Ng5+ Kf2 66. Kh4 Rd4+ 67. Kh3 Rd8 0-1

[Event "EU-Cup 23rd"]
[Site "Kemer"]
[Date "2007.10.09"]
[Round "7.6"]
[White "Salepci, Osman Firat"]
[Black "Blagojevic, Dragisa"]
[Result "0-1"]
[WhiteElo "2119"]
[BlackElo "2513"]
[PlyCount "82"]
[EventDate "2007.10.03"]
[EventType "team-swiss"]
[EventRounds "7"]
[EventCountry "TUR"]
[SourceTitle "CBM 121"]
[Source "ChessBase"]
[SourceDate "2007.11.14"]
[SourceVersion "1"]
[SourceVersionDate "2007.11.14"]
[SourceQuality "1"]
[WhiteTeam "Doruk Koleji"]
[BlackTeam "Sarajevo Zeljeznicar"]
[WhiteTeamCountry "TUR"]
[BlackTeamCountry "BIH"]

1. e4 e5 2. Nf3 Nc6 3. d4 exd4 4. Nxd4 Nf6 5. Nc3 Bb4 6. Nxc6 bxc6 7. Bd3 0-0 8. 0-0 d5 9. e5 Ng4 10. h3 Nxe5 11. Bxh7+ Kxh7 12. Qh5+ Kg8 13. Qxe5 Bd6 14. Qh5 Qf6 15. Re1 Qf5 16. Qxf5 Bxf5 17. Be3 Rfb8 18. Na4 d4 19. Bd2 Bxc2 20. b3 Ba3 21. Re5 Rb5 22. Rae1 Kf8 23. Kf1 Bd3+ 24. Kg1 Rxe5 25. Rxe5 Bd6 26. Re1 Re8 27. Rxe8+ Kxe8 28. Nb2 Bb1 29. a4 Ba2 30. b4 c5 31. bxc5 Bxc5 32. Kf1 Kd7 33. Ke2 Ke6 34. Kd3 Kd5 35. Bg5 Bb1+ 36. Kd2 Bb4+ 37. Kc1 Bf5 38. f4 f6 39. Bh4 Ba3 40. g4 Be4 41. g5 c5 0-1

[Event "Izmir op"]
[Site "Izmir"]
[Date "2003.08.26"]
[Round "2"]
[White "Salepci, Osman Firat"]
[Black "Ermenkov, Evgenij"]
[Result "0-1"]
[WhiteElo "2162"]
[BlackElo "2474"]
[PlyCount "80"]
[EventDate "2003.08.25"]
[EventType "swiss"]
[EventRounds "9"]
[EventCountry "TUR"]
[SourceTitle "EXT 2004"]
[Source "ChessBase"]
[SourceDate "2003.11.25"]
[SourceVersion "1"]
[SourceVersionDate "2003.11.25"]
[SourceQuality "1"]

1. e4 c5 2. c3 d6 3. d4 Nf6 4. Bd3 e5 5. dxe5 dxe5 6. Bb5+ Nbd7 7. Nf3 a6 8. Bxd7+ Nxd7 9. 0-0 Be7 10. Na3 Qc7 11. Qd5 f6 12. b3 Nf8 13. Be3 Bg4 14. Nh4 Rd8 15. Qc4 b5 16. Nxb5 axb5 17. Qxb5+ Qd7 18. Qb6 Rc8 19. Nf5 Bxf5 20. exf5 Qxf5 21. a4 Qe6 22. Qb5+ Qc6 23. Qxc6+ Rxc6 24. a5 Ne6 25. Rfb1 Kd7 26. b4 cxb4 27. cxb4 Nd4 28. b5 Rc4 29. Bd2 Kc8 30. b6 Kb8 31. a6 Bc5 32. Kf1 Rd8 33. Ba5 Nc6 34. Be1 g5 35. f3 h5 36. Rc1 Rxc1 37. Rxc1 Rd5 38. Bf2 Nd4 39. Rb1 Rd6 40. a7+ Kb7 0-1